| 000 | 01204 a2200373 4500 | ||
|---|---|---|---|
| 999 |
_c71340 _d19732 |
||
| 001 | 71340 | ||
| 003 | TR-AnTOB | ||
| 005 | 20211213084335.0 | ||
| 008 | 080728s2007 tu tur | ||
| 020 | _a9789750604843 | ||
| 040 |
_aTR-AnTOB _cTR-AnTOB |
||
| 041 | _atur | ||
| 050 |
_aQL101 _b.K44 2007 |
||
| 090 | _aQL101 .K44 2007 | ||
| 100 |
_aKılıç, A. Yavuz _945741 |
||
| 245 | 0 |
_aEskişehir faunası (ilk liste) / _cYavuz A. Kılıç. |
|
| 264 | 1 |
_aEskişehir : _bAnadolu Üniversitesi, _c2007. |
|
| 300 |
_aiv, 168 s. ; _c22 cm. |
||
| 336 |
_2rdacontent _atext _btxt |
||
| 337 |
_2rdamedia _aunmediated _bn |
||
| 338 |
_2rdacarrier _avolume _bnc |
||
| 490 | 0 |
_aFen Fakültesi Yayınları ; _v1784 _aAnadolu Üniversitesi Yayınları ; _v 32 |
|
| 504 | _aKaynakça var. | ||
| 650 |
_945714 _aBiyoçeşitlilik _xTürkiye _xEskişehir. |
||
| 650 |
_945713 _aZoocoğrafya _xTürkiye _xEskişehir. |
||
| 650 |
_945715 _aZoogeography _xTurkey _xEskişehir. |
||
| 650 |
_945716 _aBiodiversity _xTurkey _xEskişehir. |
||
| 710 | 2 |
_aAnadolu Üniversitesi. _bFen Fakültesi _945712 |
|
| 902 | _a024743 | ||
| 903 | _aMerkez Kütüphane | ||
| 942 |
_cBK _2lcc |
||
| 945 | _aMeral Celik, 28.07.2008 | ||